Stephen King Book: Any Word A-Z Quiz Stats

 Plays Quiz Updated May 23, 2018

Score 0/23 Timer 04:00
12 Plays Today
Letter Answer % Correct
TTommyknockers ...
90.1%
CCarrie ...
88.6%
IInsomnia ...
88%
SShining ...
84.4%
AAnd ...
80.4%
DDark ...
77.8%
MMisery ...
75.6%
GGunslinger ...
64.8%
OOf ...
62.5%
PPet
59.8%
UUnder ...
55.7%
WWerewolf ...
50.6%
Letter Answer % Correct
FFinders ...
50.4%
LLot ...
48.5%
#11 ...
43.1%
NNight ...
42.8%
BBlack ...
38.4%
RRose ...
37.2%
EEnd ...
34.9%
KKid ...
28.5%
ZZone
24.7%
HHouse ...
24.2%
JJoyland ...
12%

You're not logged in!

Compare scores with friends on all Sporcle quizzes.
OR
Log In

You Might Also Like...

Show Comments

Extras

Top Quizzes Today


Score Distribution

Your Account Isn't Verified!

In order to create a playlist on Sporcle, you need to verify the email address you used during registration. Go to your Sporcle Settings to finish the process.

Report this User

Report this user for behavior that violates our Community Guidelines.

Details: